[Event "OGOLNOPOLSKA OLIMPIADA MLODZIEZY<br/>MISTRZOSTWA POLSKI JUNIOROW 2016 - C14"]
[Site "Olecko"]
[Date "2016-05-07"]
[Round "8.23"]
[White "Maciejewski, Kamil"]
[Black "Brzozowski, Pawel"]
[Result "0-1"]
[WhiteTitle "I"]
[BlackTitle "II"]
[WhiteElo "1656"]
[BlackElo "1567"]

1. e4 e6 2. d4 d5 3. Nc3 Bb4 4. e5 c5 5. a3 Ba5 6. Bd2 cxd4 7. Nb5 Bc7 8. Nf3 Nc6
9. Bf4 Nge7 10. Bd3 Ng6 11. Bxg6 hxg6 12. Nbxd4 Qd7 13. Qe2 f6 14. Bg3 Nxd4 15.
Nxd4 Bb6 16. Nb5 Rh5 17. Nd6+ Ke7 18. f4 Bc7 19. Nb5 b6 20. Nxc7 Qxc7 21. O-O
f5 22. Be1 Bb7 23. Bb4+ Kf7 24. c3 Rah8 25. h3 Qc6 26. Rad1 g5 27. Rd4 Qc8 28.
Rf2 g4 29. c4 gxh3 30. gxh3 Rxh3 31. c5 bxc5 32. Bxc5 Qxc5 33. Qd2 Ba6 34. b4
Qb5 35. Qc2 Rg3+ 36. Rg2 Qf1# 0-1